| 000 | 00595nam a2200181 a 4500 | ||
|---|---|---|---|
| 005 | 20140412111429.0 | ||
| 008 | 090711s19uu xx 00 eng d | ||
| 020 | _a0-7445-6827-7 | ||
| 050 |
_aER _bBa11 1998 |
||
| 100 | _aDunbar, Joyce | ||
| 245 |
_aBaby bird / _cJoyce Dunbar. |
||
| 260 |
_aLondon : _bWalker books, _c1998. |
||
| 300 | _a1v. unp. | ||
| 440 | _aMaths together | ||
| 520 | _aBaby bird has only one thing on his mind: he wants to fly into the sky and nothing - not the bee or a frog, the cat or the dog - is going to stop him! | ||
| 650 | _aDetermination | ||
| 999 |
_c106309 _d106309 |
||